000 00844nam a2200241 a 4500
001 000144349
003 AM-YeHGA
005 20250617161212.0
008 970702s1967 |||| |||||||||| | rus c
020 _c254.00
040 _aAM-YeHGA
041 1 _arus
245 1 0 _aПалинологическая энциклопедия /
_cГерхард О.У. Кремп ; Пер. с англ. Н.А. Волковой и др. ; Под ред. Е.Д. Заклинский.
246 3 _aMorphologic Encyclopedia of Palynology
260 _aМосква :
_bМир ,
_c1967.
300 _a411 с.
500 _aПер. с англ. Н.А. Волковой
650 1 4 _aПалеонтология
650 1 4 _aПалинология
700 1 _aВолкова, Н.А.
700 1 _aЗаклинский, Е.Д.
_4edt
090 _c470601
999 _c467372
_d467372